00955nam a2200253 i 4500001001000000003000900010005001700019007000300036008004100039040003000080041000800110082002300118245012700141250002200268264015500290300002800445336002700473337003300500338002800533650003900561650002600600700003800626700003700664000026339DO-SdBNP20250203135224.0ta110314s1990 dr r 000 0 spa d aDO-SdBNPbspacBNPHUerda aspa 4a016.61 bC357c22200aCatálogo colectivo de publicaciones periódicas en biomedicina /ceditores, Manuel Roa Santana, Lucero Arboleda de Roa. aSegunda edición 4aSanto Domingo :bAsociación Dominicana de Rectores de Universidades (ADRU) ;bAsociación de Biliotecas Universitarias Dominicanas (ABUD),c©1990. a245 páginas ;c24 cm. atextobtxt2rdacontent asin mediaciónbn2rdamedia avolumenbnc2rdacarrier 4aCatálogos colectivos de revistas 4aRevistasxCatálogos1 aRoa Santana, Manuel,eeditor4ed.1 aArboleda de Roa, Luceroeeditora